Revisting India's partition : (Record no. 142919)

MARC details
000 -LEADER
fixed length control field 00939nam a22002297a 4500
005 - DATE AND TIME OF LATEST TRANSACTION
control field 20180625153846.0
010 ## - LCCN (DPL NO)
LC control number 1718EN-30 ENG-119432 B-687361-362
020 ## - INTERNATIONAL STANDARD BOOK NUMBER
International Standard Book Number 9788125064121
Terms of availability 1100.00
035 ## - SYSTEM CONTROL NUMBER
System control number EN-102964
035 ## - SYSTEM CONTROL NUMBER
System control number B-687361-362
037 ## - SOURCE OF ACQUISITION
Source of stock number/acquisition Uppal
Stock number dpl
082 ## - DEWEY DECIMAL CLASSIFICATION NUMBER
Classification number 954.0842
245 ## - TITLE STATEMENT
Title Revisting India's partition :
Statement of responsibility, etc edited by Amarjit Singh, Nalini Iyer [and] Rahul K. Gairola
Remainder of title new essays on memory, culture, and politics /
260 ## - PUBLICATION, DISTRIBUTION, ETC. (IMPRINT)
Place of publication, distribution, etc Hyderabad
Name of publisher, distributor, etc Orient BlackSwan
Date of publication, distribution, etc 2016
270 ## - ADDRESS
Address 3-6-752 Himayatnagar
City Hyderabad
Postal code 500029
300 ## - PHYSICAL DESCRIPTION
Extent xxxv,363p.
Dimensions 23cm(Hb)
500 ## - GENERAL NOTE
General note Includes bibliographical references and index
700 ## - ADDED ENTRY--PERSONAL NAME
Personal name Iyer, Nalini
700 ## - ADDED ENTRY--PERSONAL NAME
Personal name Gairola,Rahul K.
942 ## - ADDED ENTRY ELEMENTS (KOHA)
Source of classification or shelving scheme Dewey Decimal Classification
Item type English Books
Classification part 954.0842
Call number suffix REV
Holdings
Withdrawn status Lost status Not for loan Collection code Home library Current library Date acquired Source of acquisition Cost, normal purchase price Full call number Barcode Copy number Cost, replacement price Koha item type
      Non-fiction Ashok Vihar Ashok Vihar 25/06/2018 Uppal 14846/04.12.2017/691/20.11.2017/10.01.2018 1100.00 954.0842 REV B-687362 1 1100.00 English Books
    Not For Loan Non-fiction D.B.Act.Division Bawana 27/07/2017 DBAD/PUB 1100.00 954.0842 REV EN-102964 1 1100.00 English Books
      Non-fiction Central Library Central Library 25/06/2018 Uppal 14846/04.12.2017/691/20.11.2017/10.01.2018 1100.00 954.0842 REV B-687361 1 1100.00 English Books

© Delhi Public Library
Hit Counter
free hit counter